00735nam a22002055a 450000500170000000800410001701000140005802000270007203500130009903700150011204000180012708200080014510000240015324500730017726000870025027000560033730000300039350000520042352000540047520090829105546.0090121s2009 ii 010 0 eng d aENG-94971 a9788189920845c1200.00 aEN-78504 aDBAD / PUB adplbEnglish  a954 aMathur, Agam Prasad aPetals of love /cselect writings and speeches of Agam Prasad Mathur aNew Delhi bPragun Publication in association with Radhasoami Satsang, Agra,c2009 a4221/1, Ansari Road, Daryaganj,bNew Delhi e110002 axvii, 457 p. ;c24cm(Hb)  a"Felicitation volume, part II-A"--Prelim. p. 1. aSelected writings of a Radhasoami Satsang leader.